Основы проектирования электронных средств (Запись № 1100384)

Подробности
000 -МАРКЕР
контрольное поле 02760nam0a2200445 4500
001 - ИДЕНТИФИКАТОР ЗАПИСИ
контрольное поле RU\NLR\bibl\193799
005 - ИДЕНТИФИКАТОР ВЕРСИИ
контрольное поле 20250619090726.0
010 ## - МЕЖДУНАРОДНЫЙ СТАНДАРТНЫЙ НОМЕР КНИГИ (ISBN)
Номер (ISBN) 5-7579-0313-9
Тираж 100
021 ## - НОМЕР ГОСУДАРСТВЕННОЙ РЕГИСТРАЦИИ
Код страны Российская Федерация
Номер 2000-53519
Номер Листа государственной регистраци 2470
035 ## - ДРУГИЕ СИСТЕМНЫЕ НОМЕРА
Идентификатор записи (NLR Aleph) 000190293
100 ## - ДАННЫЕ ОБЩЕЙ ОБРАБОТКИ
Данные общей обработки 20010216d2000 |||y0rusy50 ca
101 0# - ЯЗЫК РЕСУРСА
Язык текста, звукозаписи и т.д. русский
102 ## - СТРАНА ПУБЛИКАЦИИ ИЛИ ПРОИЗВОДСТВА
Страна публикации Российская Федерация
105 ## - ПОЛЕ КОДИРОВАННЫХ ДАННЫХ: ТЕКСТОВЫЕ МАТЕРИАЛЫ, МОНОГРАФИЧЕСКИЕ
Кодированные данные о монографическом текстовом документе a |||||||||
200 1# - ЗАГЛАВИЕ И СВЕДЕНИЯ ОБ ОТВЕТСТВЕННОСТИ
Основное заглавие Основы проектирования электронных средств
Сведения, относящиеся к заглавию Общ. вопр. проектирования
-- Учеб. пособие
Первые сведения об ответственности В. Г. Саиткулов, А. И. Нистюк, П. А. Ушаков, И. Б. Аксенов
Последующие сведения об ответственности М-во образования Рос. Федерации, Казан. гос. техн. ун-т им. А. Н. Туполева
210 ## - ПУБЛИКАЦИЯ, РАСПРОСТРАНЕНИЕ И ДР.
Место издания, распространения и т.д. Казань
Имя издателя, распространителя и т. д. Изд-во Казан. гос. техн. ун-та
Дата издания, распространения и т.д. 2000
215 ## - ФИЗИЧЕСКАЯ ХАРАКТЕРИСТИКА
Специфическое обозначение материала и объем 78,[1] с.
Другие сведения о физической характеристике ил.
Размеры 20
320 ## - ПРИМЕЧАНИЯ О НАЛИЧИИ В ДОКУМЕНТЕ БИБЛИОГРАФИИ / УКАЗАТЕЛЯ
Текст примечания Библиогр.: с. 79
606 0# - НАИМЕНОВАНИЕ ТЕМЫ КАК ПРЕДМЕТ
Наименование темы Радиоэлектронная аппаратура
Формальный подзаголовок Руководства, пособия и т.п. для высшей школы
Тематический подзаголовок Проектирование
-- Эргономические требования
Системный номер авторитетной/нормативной записи 2048831
Идентификатор авторитетной/нормативной записи RU\NLR\auth\66945050
606 0# - НАИМЕНОВАНИЕ ТЕМЫ КАК ПРЕДМЕТ
Наименование темы Радиоэлектронная аппаратура
Формальный подзаголовок Учебные издания для высшей школы
Тематический подзаголовок Проектирование
-- Эргономические требования
Системный номер авторитетной/нормативной записи 2048831
Идентификатор авторитетной/нормативной записи RU\NLR\auth\66945050
606 0# - НАИМЕНОВАНИЕ ТЕМЫ КАК ПРЕДМЕТ
Наименование темы Электронные приборы
Формальный подзаголовок Руководства, пособия и т.п. для высшей школы
Тематический подзаголовок Проектирование
-- Эргономические требования
Системный номер авторитетной/нормативной записи 2224097
Идентификатор авторитетной/нормативной записи RU\NLR\auth\661335290
606 0# - НАИМЕНОВАНИЕ ТЕМЫ КАК ПРЕДМЕТ
Наименование темы Электронные приборы
Формальный подзаголовок Учебные издания для высшей школы
Тематический подзаголовок Проектирование
-- Эргономические требования
Системный номер авторитетной/нормативной записи 2224097
Идентификатор авторитетной/нормативной записи RU\NLR\auth\661335290
610 0# - НЕКОНТРОЛИРУЕМЫЕ ПРЕДМЕТНЫЕ ТЕРМИНЫ
Предметный термин Радиоэлектронная аппаратура - проектирование - техническая документация
610 0# - НЕКОНТРОЛИРУЕМЫЕ ПРЕДМЕТНЫЕ ТЕРМИНЫ
Предметный термин "Человек и машина", система
675 ## - УНИВЕРСАЛЬНАЯ ДЕСЯТИЧНАЯ КЛАССИФИКАЦИЯ (UDC/УДК)
Индекс 621.396.6.001.63(075.8)
Издание 3
Язык издания rus
686 ## - ИНДЕКСЫ ДРУГИХ КЛАССИФИКАЦИЙ
Индекс 49.43
Код системы
686 ## - ИНДЕКСЫ ДРУГИХ КЛАССИФИКАЦИЙ
Индекс 32.844-02я73
Код системы
686 ## - ИНДЕКСЫ ДРУГИХ КЛАССИФИКАЦИЙ
Индекс З85-021.7я73-1
686 ## - ИНДЕКСЫ ДРУГИХ КЛАССИФИКАЦИЙ
Индекс З844-021.7я73-1
701 #1 - ИМЯ ЛИЦА - АЛЬТЕРНАТИВНАЯ ОТВЕТСТВЕННОСТЬ
Начальный элемент ввода Саиткулов
Расширение инициалов личного имени Владимир Гельманович
Код отношения Автор
701 #1 - ИМЯ ЛИЦА - АЛЬТЕРНАТИВНАЯ ОТВЕТСТВЕННОСТЬ
Начальный элемент ввода Нистюк
Расширение инициалов личного имени Анатолий Иванович
Код отношения Автор
701 #1 - ИМЯ ЛИЦА - АЛЬТЕРНАТИВНАЯ ОТВЕТСТВЕННОСТЬ
Начальный элемент ввода Ушаков
Расширение инициалов личного имени Петр Архипович
Код отношения Автор
701 #1 - ИМЯ ЛИЦА - АЛЬТЕРНАТИВНАЯ ОТВЕТСТВЕННОСТЬ
Начальный элемент ввода Аксенов
Расширение инициалов личного имени Игорь Борисович
Код отношения Автор
801 #0 - ИСТОЧНИК ЗАПИСИ
Страна Российская Федерация
Организация RKP
Дата составления 20010216
Правила каталогизации PSBO
801 #1 - ИСТОЧНИК ЗАПИСИ
Страна Российская Федерация
Организация RKP
Дата составления 20010216
801 #2 - ИСТОЧНИК ЗАПИСИ
Страна Российская Федерация
Организация NLR
Дата составления 20011121
Правила каталогизации rcr
942 ## - ДОПОЛНИТЕЛЬНЫЕ ЭЛЕМЕНТЫ ЗАПИСИ (АБИС)
Тип экземпляра АБИС Книга
980 ## - КОЛЛЕКЦИЯ
Название коллекции Национальная библиография
Экземпляры
Тип экземпляра Дата поступления Источник поступления Библиотека постоянного хранения Библиотека текущего хранения Место хранения Шифр хранения Штрих-код Статус экземпляра
Книга 18.10.2001 Обязательный экземпляр РНБ (Московский) РНБ (Московский) Русский книжный фонд: издания с 1957 года 2001-4/9890 171625  
Книга 18.10.2001 Обязательный экземпляр РНБ (Московский) РНБ (Московский) Русский книжный фонд: издания с 1957 года 2001-4/9890 171626